[Event "Julius Baer GC - Preliminari"]
[Site "Internet"]
[Date "19.09.2022"]
[Round "7"]
[White "Le, Quang Liem"]
[Black "Navara, David"]
[Result "1-0"]
[WhiteTitle ""]
[BlackTitle ""]
[WhiteElo "2728"]
[BlackElo "2681"]
[WhiteFideId "12401137"]
[BlackFideId "309095"]
[EventDate "2022.09.18"]

1. Nf3 d5 2. d4 Nf6 3. c4 e6 4. Nc3 Bb4 5. Bg5 h6 6. Bxf6 Qxf6 7. Qa4+ Nc6 8. e3
O-O 9. Be2 dxc4 10. O-O Rd8 11. a3 Bxc3 12. bxc3 Bd7 13. Qxc4 Rac8 14. Qd3 Be8
15. c4 e5 16. d5 Ne7 17. Rab1 c6 18. e4 b5 19. cxb5 cxd5 20. Rfc1 d4 21. a4 Ng6
22. g3 Bd7 23. a5 Bh3 24. Rxc8 Rxc8 25. b6 axb6 26. axb6 Rb8 27. Qb5 d3 28. Bd1
Bg4 29. Kg2 d2 30. b7 Bxf3+ 31. Bxf3 Ne7 32. Qc5 Nc6 33. Bg4 Kh7 34. Rb6 Qg5 35.
Bd1 Nd8 36. Qc7 Rxb7 37. Rxb7 Nxb7 38. Qxb7 Qd8 39. Qxf7 1-0

[Event "Julius Baer GC - Preliminari"]
[Site "Internet"]
[Date "19.09.2022"]
[Round "8"]
[White "Giri, Anish"]
[Black "Navara, David"]
[Result "1-0"]
[WhiteTitle ""]
[BlackTitle ""]
[WhiteElo "2764"]
[BlackElo "2681"]
[WhiteFideId "24116068"]
[BlackFideId "309095"]
[EventDate "2022.09.18"]

1. d4 Nf6 2. c4 e6 3. Nf3 d5 4. Nc3 Bb4 5. Qa4+ Nc6 6. e3 O-O 7. Qc2 Re8 8. Bd2
Bf8 9. Be2 Nb4 10. Qb1 dxc4 11. Bxc4 b6 12. a3 Ba6 13. Be2 Bxe2 14. Nxe2 Nbd5
15. e4 Ne7 16. e5 Nfd5 17. Ng5 Ng6 18. h4 Be7 19. Nxh7 Bxh4 20. g3 Kxh7 21. gxh4
Kh8 22. Qe4 f5 23. Qg2 Nf8 24. Rg1 Qd7 25. Bh6 Re7 26. Nf4 Kh7 27. Bg5 Rf7 28.
Nh3 Rc8 29. O-O-O c5 30. dxc5 Qb5 31. Rxd5 exd5 32. Be3 Rfc7 33. Ng5+ Kh8 34. e6
Rxc5+ 35. Bxc5 Qxc5+ 36. Kb1 Kg8 37. e7 Ng6 38. Ne6 Qc2+ 39. Ka1 f4 40. Qxg6
Qxg6 41. Rxg6 Kf7 42. Nxf4 1-0

[Event "Julius Baer GC - Preliminari"]
[Site "Internet"]
[Date "19.09.2022"]
[Round "8"]
[White "Niemann, Hans"]
[Black "Le, Quang Liem"]
[Result "0-1"]
[WhiteTitle ""]
[BlackTitle ""]
[WhiteElo "2688"]
[BlackElo "2728"]
[WhiteFideId "2093596"]
[BlackFideId "12401137"]
[EventDate "2022.09.18"]

1. e4 e5 2. Nf3 Nc6 3. Bc4 Nf6 4. d3 Bc5 5. O-O O-O 6. c3 d6 7. Re1 Bb6 8. a4 a5
9. h3 h6 10. Nbd2 Be6 11. Bxe6 fxe6 12. Nc4 Ba7 13. Qb3 Qd7 14. Be3 Bxe3 15.
Rxe3 b6 16. Rd1 Qf7 17. Rde1 Nd7 18. Qc2 Qf6 19. Na3 Rf7 20. Nb5 Nf8 21. Nh2 Ng6
22. Rf3 Nf4 23. g3 Qg6 24. h4 Raf8 25. Kh1 Nh5 26. Rxf7 Rxf7 27. Re3 Nf6 28. Qe2
d5 29. Kg1 Rd7 30. Qc2 Rf7 31. Qe2 Rd7 32. Kg2 Rf7 33. Kh3 Kh7 34. Rf3 Kg8 35.
Re3 Kh7 36. g4 Rd7 37. Na3 Kg8 38. Nc2 Ne7 39. Ne1 Qe8 40. Ng2 Ng6 41. Rg3 dxe4
42. dxe4 Qd8 43. Nf3 Rd1 44. Kh2 Qd3 45. Qxd3 Rxd3 46. Nge1 Rd1 47. Rg1 Nxe4 48.
Nc2 Nxf2 49. h5 Nf4 50. Rxd1 Nxd1 51. Nxe5 Nxb2 52. Nd4 c5 53. Nb5 Nxa4 54. Kg3
Ne2+ 0-1

[Event "Julius Baer GC - Preliminari"]
[Site "Internet"]
[Date "19.09.2022"]
[Round "8"]
[White "Aronian, Levon"]
[Black "Adhiban, Baskarat"]
[Result "1-0"]
[WhiteTitle ""]
[BlackTitle ""]
[WhiteElo "2759"]
[BlackElo "2603"]
[WhiteFideId "13300474"]
[BlackFideId "5018471"]
[EventDate "2022.09.18"]

1. d4 f5 2. Nf3 Nf6 3. Bg5 e6 4. Nbd2 Be7 5. Bxf6 Bxf6 6. e4 d5 7. exf5 exf5 8.
Bd3 Qe7+ 9. Kf1 O-O 10. c3 b6 11. Qc2 Qd6 12. h4 Bd8 13. Re1 c5 14. dxc5 bxc5
15. c4 Nc6 16. a3 d4 17. b4 Bb6 18. b5 Nd8 19. g4 Ne6 20. Bxf5 Nf4 21. Bxh7+ Kh8
22. Bf5 d3 23. Qb2 Bxf5 24. gxf5 Rae8 25. Rxe8 Rxe8 26. Rg1 Qe7 27. Ne4 Qd7 28.
Nfd2 Ba5 29. Rg3 Bxd2 30. Nxd2 Re2 31. f6 Qb7 32. f3 Qf7 33. Qc3 Qxf6 34. Qxf6
gxf6 35. Rg4 Nh3 36. Rg2 Re3 37. a4 f5 38. a5 Re6 39. Nb3 Nf4 40. Rb2 Rh6 41.
Kf2 Rxh4 42. Kg3 Ng6 43. Nd2 f4+ 44. Kg2 Rh7 45. b6 axb6 46. Rxb6 Ne5 47. Rb8+
Kg7 48. Rb7+ Kg6 49. Rxh7 Kxh7 50. a6 Nc6 51. Kh3 Kg6 52. Kg4 Kf6 53. Kxf4 Ke6
54. Ke3 Ke5 55. f4+ Kf5 56. Ne4 Na7 57. Nd6+ Ke6 58. Nb5 1-0

[Event "Julius Baer GC - Preliminari"]
[Site "Internet"]
[Date "19.09.2022"]
[Round "8"]
[White "Praggnanandhaa, Rameshbabu"]
[Black "Carlsen, Magnus"]
[Result "1/2-1/2"]
[WhiteTitle ""]
[BlackTitle ""]
[WhiteElo "2676"]
[BlackElo "2861"]
[WhiteFideId "25059530"]
[BlackFideId "1503014"]
[EventDate "2022.09.18"]

1. e4 g6 2. d4 d6 3. Nc3 Bg7 4. Be3 a6 5. h4 Nf6 6. h5 Nxh5 7. Rxh5 gxh5 8. Qxh5
e6 9. e5 d5 10. O-O-O c5 11. dxc5 Bd7 12. f4 Nc6 13. Nf3 Qa5 14. Ng5 O-O-O 15.
Qxf7 d4 16. Bxd4 Nxd4 17. Qxg7 Nf5 18. Qf7 Rhf8 19. Qh5 Ne3 20. Rxd7 Rxd7 21.
Nxe6 Rg8 22. Bd3 Nd5 23. Nxd5 Qe1+ 24. Qd1 Qxd1+ 25. Kxd1 Rxd5 26. Ke2 Rxg2+ 27.
Kf3 Rh2 28. Kg3 Rh6 29. Ng5 Rxc5 30. Nxh7 Kd7 31. Nf6+ Rxf6 32. exf6 Ke6 33. Kf3
Kxf6 34. Ke3 a5 35. Kd4 Rh5 36. f5 Rh6 37. Kd5 Ke7 38. a4 Rc6 39. b3 Kf6 40. Kd4
Ke7 41. Be4 Rc7 42. Ke5 Rc5+ 43. Bd5 Rxc2 44. f6+ Kd7 45. Bxb7 Re2+ 46. Kf5 Rf2+
47. Kg6 Ke6 48. Bc8+ Ke5 49. f7 Kd6 50. Ba6 Ke7 51. Bc4 Rf6+ 52. Kg5 Rf2 53. Kg4
Rf6 54. Kh5 Rxf7 55. Bxf7 Kxf7 56. Kg5 Ke6 57. Kf4 Kd5 58. Ke3 Kc5 59. Kd3 Kd5
60. Kd2 Kd4 61. Kc2 Kd5 62. Kd3 Kc5 63. Kc3 Kd5 64. b4 axb4+ 65. Kxb4 Kc6 66. a5
Kb7 67. a6+ Kxa6 1/2-1/2

[Event "Julius Baer GC - Preliminari"]
[Site "Internet"]
[Date "19.09.2022"]
[Round "8"]
[White "Duda, Jan-Krzysztof"]
[Black "Wojtaszek, Radoslaw"]
[Result "0-1"]
[WhiteTitle ""]
[BlackTitle ""]
[WhiteElo "2731"]
[BlackElo "2696"]
[WhiteFideId "1170546"]
[BlackFideId "1118358"]
[EventDate "2022.09.18"]

1. d3 d5 2. Nf3 Nf6 3. Nbd2 c5 4. e4 Nc6 5. g3 e5 6. Bg2 Be7 7. O-O O-O 8. exd5
Nxd5 9. Nc4 f6 10. c3 Kh8 11. a4 Be6 12. a5 Qd7 13. Qa4 Rab8 14. Nfd2 b5 15.
axb6 axb6 16. Qb5 Qc7 17. Ra6 Ncb4 18. cxb4 Bd7 19. Na3 Bxb5 20. Nxb5 Qd7 21.
Ra7 Qxb5 22. Bxd5 Qxd3 23. Be4 Qd6 24. b5 Qe6 25. Bc6 f5 26. Bd7 Qf6 27. Nc4 f4
28. Rc7 Bd8 29. Rc6 Qe7 30. Bh3 Bc7 31. Re1 fxg3 32. hxg3 Qf7 33. Be3 Qxc4 34.
Rxc7 Qxb5 35. Rb1 Rf3 36. Rd1 Rxe3 37. fxe3 Qe2 38. Rdd7 Qxe3+ 39. Kg2 Qe4+ 40.
Kh2 Qg6 41. Rf7 Rd8 42. Rcd7 Rg8 43. Bf5 Qg5 44. Kg2 h5 45. Kh3 c4 46. Rde7 Qc1
47. Be4 Qxb2 48. Rf5 Qe2 49. Rexe5 g5 50. Bg2 Qg4+ 51. Kh2 h4 52. gxh4 Qxh4+ 53.
Kg1 c3 54. Be4 Qg3+ 55. Kf1 Rd8 56. Bc2 Qh3+ 57. Kg1 Qg4+ 58. Kf1 Qc4+ 59. Kg1
Qd4+ 60. Kg2 Qh4 61. Rf2 g4 62. Ref5 Qh3+ 63. Kg1 g3 64. Re2 Qh4 65. Rfe5 Rf8
66. Be4 Rf2 67. Re8+ Kg7 0-1

[Event "Julius Baer GC - Preliminari"]
[Site "Internet"]
[Date "19.09.2022"]
[Round "8"]
[White "Gelfand, Boris"]
[Black "Yoo, Christopher"]
[Result "1-0"]
[WhiteTitle ""]
[BlackTitle ""]
[WhiteElo "2668"]
[BlackElo "2563"]
[WhiteFideId "2805677"]
[BlackFideId "30909694"]
[EventDate "2022.09.18"]

1. d4 d5 2. c4 c6 3. Nf3 Nf6 4. e3 Bg4 5. Qb3 Qb6 6. Ne5 Bf5 7. cxd5 cxd5 8. Nc3
e6 9. Qxb6 axb6 10. Bb5+ Nbd7 11. g4 Bxg4 12. Bxd7+ Nxd7 13. Nxg4 f6 14. f3 h5
15. Nf2 Kf7 16. Bd2 g5 17. Ke2 Rg8 18. e4 dxe4 19. Nfxe4 Be7 20. Nb5 f5 21.
Ned6+ Kg6 22. Rhg1 g4 23. h3 Nf6 24. Nc4 Kh7 25. hxg4 fxg4 26. fxg4 Nxg4 27. a3
Raf8 28. Raf1 Rxf1 29. Rxf1 Kg6 30. Ne5+ Nxe5 31. dxe5 Rc8 32. Rg1+ Kh7 33. Nd6
Rf8 34. Rf1 Rxf1 35. Kxf1 Kg6 36. Be3 b5 37. Kg2 h4 38. Kh3 b4 39. axb4 b5 40.
Kg4 Bd8 41. Nxb5 h3 42. Bf4 Bg5 43. Bh2 Bc1 44. Nd4 Kf7 45. b3 Bb2 46. Nc2 Ke7
47. Ne3 1-0

[Event "Julius Baer GC - Preliminari"]
[Site "Internet"]
[Date "20.09.2022"]
[Round "9"]
[White "Yoo, Christopher"]
[Black "Giri, Anish"]
[Result "1-0"]
[WhiteTitle ""]
[BlackTitle ""]
[WhiteElo "2563"]
[BlackElo "2764"]
[WhiteFideId "30909694"]
[BlackFideId "24116068"]
[EventDate "2022.09.18"]

1. d4 Nf6 2. c4 g6 3. Nf3 Bg7 4. g3 O-O 5. Bg2 d6 6. O-O Nbd7 7. Nc3 e5 8. Qc2
exd4 9. Nxd4 Nb6 10. Rd1 Nxc4 11. Ncb5 a6 12. Qxc4 axb5 13. Nxb5 Ne8 14. Qc2 Bf5
15. e4 Bg4 16. Rd3 Bd7 17. Nc3 Nf6 18. b3 Re8 19. Bb2 Bc6 20. Re1 b5 21. e5 Bxg2
22. Kxg2 Nd7 23. f4 Qc8 24. Red1 Nc5 25. R3d2 b4 26. Nd5 Rxa2 27. Qc4 Qb7 28.
Kg1 Ne6 29. g4 c6 30. Nxb4 d5 31. Qxc6 Qxc6 32. Nxc6 Nxf4 33. Nb4 Raa8 34. Nxd5
Nxd5 35. Rxd5 h6 36. b4 Bf8 37. b5 Ra2 38. Bd4 Ra4 39. b6 Rb4 40. Kg2 Rc8 41.
Rd2 Be7 42. Rd7 Bg5 43. Rf2 Rd8 44. Rxd8+ Bxd8 45. Bc5 Rb5 46. e6 Rxc5 47. b7
Bc7 48. e7 Re5 49. Rc2 1-0

[Event "Julius Baer GC - Preliminari"]
[Site "Internet"]
[Date "20.09.2022"]
[Round "9"]
[White "Wojtaszek, Radoslaw"]
[Black "Gelfand, Boris"]
[Result "1-0"]
[WhiteTitle ""]
[BlackTitle ""]
[WhiteElo "2696"]
[BlackElo "2668"]
[WhiteFideId "1118358"]
[BlackFideId "2805677"]
[EventDate "2022.09.18"]

1. d4 Nf6 2. c4 e6 3. Bf4 Bb4+ 4. Nd2 c5 5. dxc5 O-O 6. Nf3 Bxc5 7. e3 b6 8. Be2
Bb7 9. O-O d5 10. a3 Nc6 11. b4 Be7 12. Qb3 a5 13. b5 a4 14. Qb2 Na5 15. Rfd1
Nd7 16. Rac1 Bf6 17. Qb1 Nc5 18. cxd5 exd5 19. Nd4 g6 20. N2f3 Re8 21. Rc2 Rc8
22. h3 Bg7 23. Qb4 h6 24. Bh2 Re4 25. Qb1 Nab3 26. Bf1 Qf8 27. Nc6 Qe8 28. Rxd5
Bxc6 29. bxc6 Qxc6 30. Rd6 Qb7 31. Bc4 Kh7 32. Bd5 Qe7 33. Rxb6 Rd8 34. Bxe4
Qxe4 35. Rb4 Qd3 36. Be5 Bxe5 37. Nxe5 Qf5 38. Nf3 Rd6 39. Nd4 Qd7 40. Qd1 Ne6
41. Rcc4 Nbxd4 42. exd4 Nf4 43. Qg4 Ne6 44. Rb8 Qa7 45. Rcc8 Rxd4 46. Qf3 Rf4
47. Rh8+ Kg7 48. Qc3+ Nd4 49. Qe3 Qc7 50. Rbc8 Qd6 51. Rcd8 Qc7 52. Rhg8+ Kh7
53. Rh8+ Kg7 54. Rhe8 Ne6 55. Rg8+ Kh7 56. Rh8+ Kg7 57. Rdg8+ Kf6 58. Rc8 Qd6
59. Qc3+ Kg5 60. Qg3+ Kf6 61. Kh2 Nd4 62. Rhd8 Qe5 63. Re8 Ne6 64. Rxe6+ 1-0

[Event "Julius Baer GC - Preliminari"]
[Site "Internet"]
[Date "20.09.2022"]
[Round "9"]
[White "Keymer, Vincent"]
[Black "Duda, Jan-Krzysztof"]
[Result "1-0"]
[WhiteTitle ""]
[BlackTitle ""]
[WhiteElo "2693"]
[BlackElo "2731"]
[WhiteFideId "12940690"]
[BlackFideId "1170546"]
[EventDate "2022.09.18"]

1. c4 e6 2. Nc3 Nf6 3. e4 d5 4. cxd5 exd5 5. e5 Ne4 6. Nf3 Bf5 7. d3 Nxc3 8.
bxc3 c5 9. d4 c4 10. a4 Qa5 11. Bd2 Be7 12. Be2 Na6 13. O-O Nc7 14. Ne1 g5 15.
Nc2 Bg6 16. Ne3 Ne6 17. Bg4 h5 18. Bf5 O-O-O 19. Rb1 a6 20. Rb2 Rhg8 21. Bxg6
fxg6 22. Qf3 Nc7 23. Nxc4 dxc4 24. Qxb7+ Kd7 25. Rb6 Rc8 26. e6+ Kd8 27. Rfb1 1-0

[Event "Julius Baer GC - Preliminari"]
[Site "Internet"]
[Date "20.09.2022"]
[Round "9"]
[White "Adhiban, Baskarat"]
[Black "Praggnanandhaa, Rameshbabu"]
[Result "1/2-1/2"]
[WhiteTitle ""]
[BlackTitle ""]
[WhiteElo "2603"]
[BlackElo "2676"]
[WhiteFideId "5018471"]
[BlackFideId "25059530"]
[EventDate "2022.09.18"]

1. c4 c5 2. b3 Nf6 3. Bb2 e6 4. Nf3 d5 5. g3 Nc6 6. cxd5 exd5 7. Bg2 d4 8. Na3
Be7 9. O-O O-O 10. Nc4 Bf5 11. e3 dxe3 12. dxe3 Be4 13. Nh4 Bxg2 14. Kxg2 b5 15.
Qf3 Qc8 16. Nd2 Rd8 17. Rfd1 Qe6 18. Nf5 Ne5 19. Bxe5 Qxe5 20. a4 bxa4 21. Nc4
Qe6 22. Rxd8+ Rxd8 23. Rxa4 Bf8 24. Rxa7 Rd5 25. e4 Qxe4 26. Qxe4 Nxe4 27. Ne7+
Bxe7 28. Rxe7 Nf6 29. Ne3 Rd3 30. Rc7 g6 31. Rxc5 Rxb3 32. Kf3 Kg7 33. g4 Rb2
34. Rc2 Rxc2 35. Nxc2 h5 36. h3 hxg4+ 37. hxg4 g5 38. Ne3 Kg6 39. Nf5 Nd7 40.
Ke4 Nf6+ 41. Kf3 Nd7 42. Ke4 Nf6+ 43. Kf3 1/2-1/2

[Event "Julius Baer GC - Preliminari"]
[Site "Internet"]
[Date "20.09.2022"]
[Round "9"]
[White "Le, Quang Liem"]
[Black "Aronian, Levon"]
[Result "1-0"]
[WhiteTitle ""]
[BlackTitle ""]
[WhiteElo "2728"]
[BlackElo "2759"]
[WhiteFideId "12401137"]
[BlackFideId "13300474"]
[EventDate "2022.09.18"]

1. d4 d5 2. Nf3 Nf6 3. c4 dxc4 4. e3 e6 5. Bxc4 a6 6. O-O c5 7. b3 b6 8. Ba3
Nbd7 9. d5 exd5 10. Bxd5 Rb8 11. Bb2 Be7 12. Nc3 O-O 13. Qc2 b5 14. Rfd1 Qc7 15.
Be4 Nb6 16. Bd3 Bg4 17. Ne4 Bxf3 18. gxf3 Nfd5 19. Ng3 g6 20. Be4 Rfd8 21. f4
Rbc8 22. a4 bxa4 23. Bxd5 Nxd5 24. Rxd5 Rxd5 25. Qc3 f6 26. Qc4 Qb7 27. e4 Qxb3
28. Qxd5+ Kf8 29. Qxb3 axb3 30. Rxa6 Rd8 31. Bxf6 c4 32. Bc3 Rd3 33. Ne2 b2 34.
Bxb2 Rd2 35. Nc3 Rxb2 36. Rc6 Bh4 37. f3 Bf2+ 38. Kh1 h5 39. Rxc4 h4 40. Rc8+
Kg7 41. Rc7+ Kh6 42. Nd5 h3 43. Rc1 Kg7 44. e5 Kf7 45. f5 gxf5 46. Nf4 Bd4 47.
e6+ Ke7 48. Re1 Bc5 49. Nd5+ Ke8 50. e7 Bxe7 51. Nxe7 Rf2 52. Nxf5+ Kf7 53. Nh4
Kf6 54. Kg1 Ra2 55. Re4 Kg5 56. Rg4+ Kh5 57. Ng6 1-0

[Event "Julius Baer GC - Preliminari"]
[Site "Internet"]
[Date "20.09.2022"]
[Round "9"]
[White "Navara, David"]
[Black "Niemann, Hans"]
[Result "1/2-1/2"]
[WhiteTitle ""]
[BlackTitle ""]
[WhiteElo "2681"]
[BlackElo "2688"]
[WhiteFideId "309095"]
[BlackFideId "2093596"]
[EventDate "2022.09.18"]

1. d4 Nf6 2. c4 e6 3. Nf3 d5 4. Nc3 c5 5. cxd5 cxd4 6. Qxd4 exd5 7. e4 dxe4 8.
Qxd8+ Kxd8 9. Ng5 Be6 10. Nxe6+ fxe6 11. Bg5 Nc6 12. O-O-O+ Ke8 13. Kb1 Bb4 14.
Bxf6 gxf6 15. Nxe4 Ke7 16. Bb5 Rhd8 17. a3 Ba5 18. Nc5 Bb6 19. Rxd8 Nxd8 20. Rc1
Rc8 21. Nd3 Rxc1+ 22. Kxc1 Nf7 23. Kd2 Nd6 24. Ba4 e5 25. f3 Nc4+ 26. Ke2 Bd4
27. Bb3 Nxb2 28. Nxb2 Bxb2 29. a4 f5 30. g4 fxg4 31. fxg4 Kf6 32. h4 h6 33. Kf3
Bc3 34. Ke4 Be1 35. g5+ hxg5 36. hxg5+ Kxg5 37. Kxe5 Bg3+ 38. Kd5 Kf6 39. Ke4
Bc7 40. Bd5 b6 41. Kd4 Ke7 42. Kc4 Kd6 43. Bb7 a5 44. Kb5 Bd8 45. Bc6 Bc7 46.
Bb7 Bd8 47. Bc6 Bc7 48. Bb7 1/2-1/2

[Event "Julius Baer GC - Preliminari"]
[Site "Internet"]
[Date "20.09.2022"]
[Round "10"]
[White "Giri, Anish"]
[Black "Niemann, Hans"]
[Result "1-0"]
[WhiteTitle ""]
[BlackTitle ""]
[WhiteElo "2764"]
[BlackElo "2688"]
[WhiteFideId "24116068"]
[BlackFideId "2093596"]
[EventDate "2022.09.18"]

1. c4 e5 2. Nc3 Bb4 3. Qb3 Nc6 4. e3 Nf6 5. Nge2 O-O 6. a3 Bxc3 7. Nxc3 b6 8.
Be2 Bb7 9. O-O e4 10. d3 exd3 11. Bxd3 Ne5 12. Be2 d6 13. Qc2 a5 14. b3 Re8 15.
e4 Ng6 16. f3 Nh5 17. Rf2 Nhf4 18. Bf1 Ne6 19. Be3 Qd7 20. Rd1 f6 21. b4 axb4
22. axb4 Qf7 23. f4 Ne7 24. f5 Nf8 25. c5 bxc5 26. bxc5 d5 27. Nb5 Nc6 28. exd5
Nb4 29. Qc4 Nxd5 30. Bf4 Rad8 31. Rfd2 c6 32. Nd6 Qd7 33. Rxd5 cxd5 34. Rxd5 g5
35. Nxe8 Bxd5 36. Nxf6+ Kg7 37. Qd4 Qxf5 38. Nxd5+ Kf7 39. Bd6 Ne6 40. Qd1 Ra8
41. Bd3 1-0

[Event "Julius Baer GC - Preliminari"]
[Site "Internet"]
[Date "20.09.2022"]
[Round "10"]
[White "Aronian, Levon"]
[Black "Navara, David"]
[Result "0-1"]
[WhiteTitle ""]
[BlackTitle ""]
[WhiteElo "2759"]
[BlackElo "2681"]
[WhiteFideId "13300474"]
[BlackFideId "309095"]
[EventDate "2022.09.18"]

1. e4 c5 2. Nf3 d6 3. d4 cxd4 4. Nxd4 Nf6 5. Nc3 a6 6. f3 e5 7. Nb3 Be6 8. Be3
Be7 9. Qd2 O-O 10. O-O-O Nbd7 11. g4 b5 12. g5 Nh5 13. Nd5 Bxd5 14. exd5 f6 15.
gxf6 Bxf6 16. Na5 Qe8 17. Kb1 Bd8 18. Nb7 Bc7 19. Qc3 Qb8 20. Qc6 Rxf3 21. Bc1
Nhf6 22. Bg2 e4 23. Bxf3 Ne5 24. Bg2 Nxc6 25. dxc6 d5 26. Bg5 Qe8 27. Bxf6 Qxc6
28. Bd4 Qxb7 29. Bh3 Re8 30. Rhg1 Be5 31. Be3 d4 32. Bxd4 Bxd4 33. Rxd4 Qb6 34.
c3 b4 35. Ka1 bxc3 36. bxc3 Rb8 0-1

[Event "Julius Baer GC - Preliminari"]
[Site "Internet"]
[Date "20.09.2022"]
[Round "10"]
[White "Praggnanandhaa, Rameshbabu"]
[Black "Le, Quang Liem"]
[Result "1/2-1/2"]
[WhiteTitle ""]
[BlackTitle ""]
[WhiteElo "2676"]
[BlackElo "2728"]
[WhiteFideId "25059530"]
[BlackFideId "12401137"]
[EventDate "2022.09.18"]

1. e4 e5 2. Nf3 Nc6 3. Bc4 Nf6 4. d3 Bc5 5. c3 d6 6. Bg5 h6 7. Bh4 a5 8. O-O O-O
9. Nbd2 Ba7 10. a3 g5 11. Bg3 Nh7 12. Kh1 Kh8 13. b4 h5 14. h4 g4 15. Nh2 f5 16.
exf5 Ne7 17. d4 exd4 18. cxd4 Nxf5 19. Bd3 Bxd4 20. Rc1 axb4 21. axb4 Bb2 22.
Rc4 Bg7 23. Qc2 Be6 24. Rxc7 Ra2 25. Qc1 Bb2 26. Qc2 Be5 27. Qc1 Bb2 28. Qc2 Bg7
29. Qc1 Nxg3+ 30. fxg3 Rxd2 31. Rxg7 Kxg7 32. Qxd2 Rxf1+ 33. Nxf1 Qf6 34. Kh2
Nf8 35. Ne3 d5 36. Bb5 Qe5 37. Nc2 Ng6 38. Nd4 Bf7 39. Kg1 Ne7 40. Ne2 Nf5 41.
Bd3 Qe3+ 42. Qxe3 Nxe3 43. Kf2 Nd1+ 44. Ke1 Nb2 45. Kd2 Kf6 46. Kc3 Nxd3 47.
Kxd3 Ke5 48. Ke3 Bg6 49. Nd4 Be4 50. Ne2 Bg6 51. Nd4 Be8 52. Kd3 Ba4 53. Ke3 Be8
54. Kd3 Bc6 55. Ke3 Bd7 56. Kd3 Bf5+ 57. Ke3 Bg6 58. Ne2 Bf7 59. Nd4 Be8 1/2-1/2

[Event "Julius Baer GC - Preliminari"]
[Site "Internet"]
[Date "20.09.2022"]
[Round "10"]
[White "Saric, Ivan"]
[Black "Adhiban, Baskarat"]
[Result "0-1"]
[WhiteTitle ""]
[BlackTitle ""]
[WhiteElo "2668"]
[BlackElo "2603"]
[WhiteFideId "14508150"]
[BlackFideId "5018471"]
[EventDate "2022.09.18"]

1. e4 c5 2. Nf3 Nc6 3. d4 cxd4 4. Nxd4 e5 5. Nb5 d6 6. N1c3 a6 7. Na3 Be6 8. Nc4
Rb8 9. Bd3 Nf6 10. Bg5 Be7 11. O-O O-O 12. Bxf6 Bxf6 13. Ne3 Bg5 14. Ncd5 Ne7
15. Bc4 Bxe3 16. Nxe3 Bxc4 17. Nxc4 Rc8 18. b3 d5 19. exd5 Qxd5 20. Qe2 Qe6 21.
Rad1 Ng6 22. g3 b5 23. Ne3 e4 24. Qd2 f5 25. Qd6 Rc6 26. Qxe6+ Rxe6 27. Kg2 Ne5
28. Rd5 g5 29. Rfd1 f4 30. Nf1 h6 31. Rd6 Rff6 32. Rxe6 Rxe6 33. Rd4 Nf3 34.
Rd8+ Kf7 35. c4 bxc4 36. bxc4 e3 37. fxe3 fxe3 38. Nxe3 Rxe3 39. Rd6 g4 40. Kf2
Re6 41. Rd7+ Kg6 42. c5 Ng5 0-1

[Event "Julius Baer GC - Preliminari"]
[Site "Internet"]
[Date "20.09.2022"]
[Round "10"]
[White "Ivanchuk, Vassily"]
[Black "Carlsen, Magnus"]
[Result "1/2-1/2"]
[WhiteTitle ""]
[BlackTitle ""]
[WhiteElo "2678"]
[BlackElo "2861"]
[WhiteFideId "14100010"]
[BlackFideId "1503014"]
[EventDate "2022.09.18"]

1. d4 Nf6 2. c4 e6 3. Nc3 Bb4 4. e3 c5 5. Ne2 b6 6. a3 Ba5 7. d5 O-O 8. Rb1 Na6
9. f3 exd5 10. cxd5 b5 11. Kf2 Rb8 12. e4 d6 13. Be3 Nd7 14. Ng3 c4 15. b4 cxb3
16. Nxb5 Qf6 17. Bxa7 Nac5 18. Qd4 Qxd4+ 19. Nxd4 Ra8 20. Bxc5 Nxc5 21. Ngf5 Bb6
22. Kg3 Bxf5 23. Nxf5 Rfd8 24. Bc4 Rxa3 25. Rhd1 g6 26. Ne7+ Kg7 27. Nc6 Rc8 28.
Bxb3 Bd8 29. Bc2 Bf6 30. Rd2 Rca8 31. Re2 Rc3 32. Bd1 h5 33. Kf2 Nd3+ 34. Kf1 h4
35. Rc2 Rxc2 36. Bxc2 Ne5 37. Bd1 Ra2 38. Be2 Nd7 39. g3 Nc5 40. Rc1 Nb3 41. Rd1
h3 42. Kf2 Bb2 43. f4 Ba3 44. Ke1 Bc5 45. e5 Bg1 46. exd6 Nc5 47. Rc1 Bxh2 48.
Rxc5 Bxg3+ 49. Kd1 h2 50. Bf3 Rf2 51. Rc2 Rf1+ 52. Ke2 Rxf3 53. Kxf3 h1=Q+ 54.
Kxg3 Qxd5 55. Ne5 Qxd6 56. Rc6 Qa3+ 57. Nf3 f6 58. Rc4 Kf7 59. Re4 Qd3 60. Rd4
Qe3 61. Rd5 Ke6 62. Rb5 Kd6 63. Ra5 Qc3 64. Rb5 Kc6 65. Rb8 Kd5 66. Rg8 Ke4 67.
Re8+ Kf5 68. Re2 Qd3 69. Re1 g5 70. fxg5 Qd6+ 71. Kg2 fxg5 72. Rf1 g4 73. Nh4+
Kg5 74. Nf5 Qd5+ 75. Kh2 Qd2+ 76. Kg1 Qd3 77. Rf2 Kh5 78. Rh2+ Kg6 79. Rf2 Kg5
80. Kg2 Qh3+ 81. Kg1 Kf6 82. Ng3+ Ke5 83. Rg2 Qh6 84. Nf1 Qb6+ 85. Rf2 Qb3 86.
Rg2 Kf4 87. Rf2+ Kg5 88. Kg2 Kh4 89. Kg1 Qb6 90. Kg2 Qd4 91. Ng3 Qd5+ 92. Kh2
Qd6 93. Rg2 Kg5 94. Rf2 Kh4 95. Rg2 Qc7 96. Rg1 Kg5 97. Rg2 Kf4 98. Rf2+ Ke3 99.
Kg2 Qb7+ 100. Kg1 Qb1+ 101. Kg2 Qh7 102. Nf1+ Kd3 103. Kg1 Qa7 104. Kg2 Qc7 105.
Ng3 Qb7+ 106. Kg1 Kd4 107. Kh2 Ke3 108. Kg1 Qb1+ 109. Kg2 Qh7 110. Kg1 Qh3 111.
Nf1+ Ke4 112. Re2+ Kf4 113. Rf2+ Kg5 114. Rg2 Qa3 115. Ng3 Qc5+ 116. Rf2 Kh4
117. Kg2 Qd5+ 118. Kh2 Qe5 119. Rg2 Qf4 120. Rg1 Qf3 121. Rg2 Kg5 122. Kg1 Qe3+ 1/2-1/2

[Event "Julius Baer GC - Preliminari"]
[Site "Internet"]
[Date "20.09.2022"]
[Round "10"]
[White "Gelfand, Boris"]
[Black "Keymer, Vincent"]
[Result "1/2-1/2"]
[WhiteTitle ""]
[BlackTitle ""]
[WhiteElo "2668"]
[BlackElo "2693"]
[WhiteFideId "2805677"]
[BlackFideId "12940690"]
[EventDate "2022.09.18"]

1. c4 Nf6 2. Nf3 e6 3. g3 d5 4. Bg2 d4 5. d3 Nc6 6. O-O Bc5 7. Nbd2 Be7 8. Nb3
O-O 9. e3 dxe3 10. Bxe3 Ng4 11. Bc5 Bxc5 12. Nxc5 b6 13. Nb3 Bb7 14. h3 Nf6 15.
d4 Qc8 16. Qe2 a5 17. Rad1 a4 18. Nbd2 a3 19. b3 Nb4 20. Nb1 Rd8 21. Nc3 c5 22.
dxc5 Qxc5 23. Ne5 Bxg2 24. Kxg2 h6 25. f4 Qe7 26. Nb5 Qb7+ 27. Kh2 Ne4 28. Nd3
Nxd3 29. Rxd3 Nc5 30. Rdd1 f5 31. Rxd8+ Rxd8 32. Nxa3 Ne4 33. Nb1 Qd7 34. Rg1
Qd4 35. Rg2 Kh7 36. g4 Qd6 37. Qf3 Rd7 38. gxf5 exf5 39. h4 Qf6 40. Qh3 Rd1 41.
Na3 Nd2 42. Rf2 Ne4 43. Rg2 Rf1 44. Rxg7+ Qxg7 45. Qxf1 Qb2+ 46. Qg2 Qxa3 47. h5
Qd6 48. Kh3 Qf6 49. b4 Qf7 50. Kh4 Nf6 51. Qg6+ Qxg6 52. hxg6+ Kxg6 53. a4 Nd7
54. a5 bxa5 55. bxa5 Nc5 56. Kg3 Kg7 57. Kh4 Kh7 58. Kg3 Kg6 59. Kh4 Kf6 60. Kg3
Ke7 61. Kh4 Ke6 62. Kh5 Kf6 63. Kxh6 Na6 64. Kh5 Nb4 65. Kh4 Na6 66. Kh5 Nc5 67.
Kh4 Kg6 68. Kg3 Kh5 69. Kh3 Kg6 70. Kg3 Kh6 71. Kh4 Kg6 72. Kg3 1/2-1/2